[Event "Dyfed Major op 49th"]
[Site "Fishguard"]
[Date "2020.02.15"]
[Round "2"]
[White "Jones, Jonathan"]
[Black "Alexander, Ken"]
[Result "0-1"]
[WhiteElo "1537"]
[BlackElo "1622"]
[PlyCount "67"]
[EventDate "2020.02.14"]
[EventType "swiss"]
[EventRounds "5"]
[EventCountry "WLS"]
[SourceTitle "EXT 2022"]
[Source "ChessBase"]
[SourceDate "2021.10.06"]
[SourceVersion "1"]
[SourceVersionDate "2021.10.06"]
[SourceQuality "1"]

1. d4 c5 2. d5 f5 3. Bg5 Qb6 4. Nc3 Nf6 5. Bxf6 Qxf6 6. Nf3 g6 7. e3 Bg7 8. Rb1 0-0 9. d6 e6 10. Nb5 Na6 11. g3 b6 12. Bg2 Bb7 13. a3 Bc6 14. Qd3 e5 15. Qc4+ Kh8 16. Nc3 Nb8 17. Rd1 Re8 18. Nd5 Bxd5 19. Qxd5 Nc6 20. 0-0 e4 21. Ne1 Qxb2 22. g4 Qe5 23. gxf5 gxf5 24. Qf7 Qe6 25. Qh5 Qg6 26. Qe2 Re6 27. Kh1 Rxd6 28. Rxd6 Qxd6 29. Bh3 Rf8 30. Qh5 Qg6 31. Qd1 Qf7 32. Ng2 d5 33. Nh4 Ne7 34. Qf3 0-1

[Event "Dyfed Major op 49th"]
[Site "Fishguard"]
[Date "2020.02.14"]
[Round "1"]
[White "Alexander, Ken"]
[Black "Thacker, Steve M"]
[Result "1-0"]
[WhiteElo "1622"]
[BlackElo "1438"]
[PlyCount "137"]
[EventDate "2020.02.14"]
[EventType "swiss"]
[EventRounds "5"]
[EventCountry "WLS"]
[SourceTitle "EXT 2022"]
[Source "ChessBase"]
[SourceDate "2021.10.06"]
[SourceVersion "1"]
[SourceVersionDate "2021.10.06"]
[SourceQuality "1"]

1. d4 Nf6 2. Bf4 d6 3. e3 Bf5 4. c3 c6 5. h3 h6 6. Nd2 Nbd7 7. Ngf3 g5 8. Bh2 Bg7 9. Qb3 Qb6 10. Bc4 Qxb3 11. axb3 a6 12. 0-0 0-0 13. Rfe1 Nb6 14. Bf1 Ne4 15. Nxe4 Bxe4 16. Nd2 Bg6 17. e4 Rad8 18. Nf3 Nd7 19. e5 dxe5 20. Nxe5 Bxe5 21. Bxe5 Nxe5 22. Rxe5 e6 23. b4 Rd6 24. Bc4 Kg7 25. Rae1 Rfd8 26. g4 Bh7 27. Kg2 Bg8 28. Kg3 Kf6 29. h4 Bh7 30. hxg5+ hxg5 31. R1e3 Bg6 32. Rf3+ Kg7 33. Rxg5 Rh8 34. Bd3 Rh6 35. Bxg6 Rxg6 36. Rxg6+ Kxg6 37. Re3 Rd5 38. f4 b6 39. Re5 Rd6 40. Kf3 f6 41. Re1 Rd7 42. Rxe6 Rc7 43. Ke3 Kf7 44. f5 b5 45. Ke4 Rc8 46. Kf4 Rc7 47. g5 fxg5+ 48. Kxg5 Rc8 49. Rh6 Rg8+ 50. Rg6 Rb8 51. Rxc6 Rh8 52. Rc7+ Kf8 53. Kf6 Rh6+ 54. Ke5 Rh2 55. f6 Re2+ 56. Kd5 Rxb2 57. Kc5 Rc2 58. Kb6 Rf2 59. Kxa6 Rxf6+ 60. Kxb5 Rf5+ 61. Kc4 Ke8 62. b5 Kd8 63. Rh7 Rf6 64. Kc5 Rf5+ 65. d5 Kc8 66. c4 Kb8 67. b6 Rg5 68. Kc6 Rg6+ 69. d6 1-0

[Event "London Classic op U1750 8th"]
[Site "London"]
[Date "2016.12.14"]
[Round "3"]
[White "Royal, Shreyas"]
[Black "Alexander, Ken"]
[Result "1/2-1/2"]
[WhiteElo "1519"]
[BlackElo "1690"]
[PlyCount "93"]
[EventDate "2016.12.12"]
[EventType "swiss"]
[EventRounds "5"]
[EventCountry "ENG"]
[SourceTitle "EXT 2019"]
[Source "ChessBase"]
[SourceDate "2018.10.10"]
[SourceVersion "1"]
[SourceVersionDate "2018.10.10"]
[SourceQuality "1"]

1. d4 c5 2. d5 Nf6 3. c4 g6 4. b3 d6 5. Bb2 Bg7 6. e3 0-0 7. Nd2 Bf5 8. Ngf3 a5 9. Be2 a4 10. 0-0 a3 11. Bc3 Na6 12. Nh4 Bd7 13. e4 b5 14. cxb5 Nb4 15. Nhf3 Qb8 16. Bxb4 cxb4 17. Rc1 Bxb5 18. Bxb5 Qxb5 19. Rc7 Rfe8 20. Qc2 Ng4 21. h3 Ne5 22. Nd4 Qb6 23. Ne2 Ra7 24. Rxa7 Qxa7 25. Rc1 Bf6 26. Kf1 g5 27. Nc4 Rc8 28. Qd2 Nxc4 29. bxc4 Qc5 30. Rb1 Rb8 31. Rc1 h6 32. Qd3 Be5 33. Qb3 Bb2 34. Rc2 Be5 35. Rc1 Bb2 36. Rc2 Bg7 37. Rc1 Kf8 38. Ke1 Kg8 39. Kf1 Kh8 40. Ke1 Bb2 41. Rc2 Rc8 42. Kf1 Kg8 43. Ke1 e6 44. Kf1 exd5 45. exd5 Re8 46. Qd3 Bg7 47. Rc1 1/2-1/2

[Event "Weymouth Minor op"]
[Site "Weymouth"]
[Date "2008.10.26"]
[Round "5"]
[White "Alexander, Ken"]
[Black "Kelly, W John"]
[Result "0-1"]
[WhiteElo "1336"]
[BlackElo "1504"]
[PlyCount "64"]
[EventDate "2008.10.24"]
[EventType "swiss"]
[EventRounds "5"]
[EventCountry "ENG"]
[SourceTitle "EXT 2011"]
[Source "ChessBase"]
[SourceDate "2010.11.26"]
[SourceVersion "1"]
[SourceVersionDate "2010.11.26"]
[SourceQuality "1"]

1. d4 Nf6 2. Nf3 d5 3. Bf4 e6 4. e3 Bd6 5. Bd3 Bxf4 6. exf4 Nbd7 7. 0-0 0-0 8. Nbd2 c5 9. c3 cxd4 10. Nxd4 Qb6 11. Qb1 Nc5 12. Bc2 a6 13. a4 Qd6 14. g3 b6 15. N2f3 Ncd7 16. Re1 Bb7 17. Ne5 g6 18. Qd1 Qc7 19. Qe2 Rfe8 20. g4 Nf8 21. Rad1 N6d7 22. g5 Nxe5 23. fxe5 Kg7 24. h4 Nd7 25. f4 h5 26. gxh6+ Kxh6 27. Qg4 Qd8 28. Re2 Rg8 29. Kh2 Qe7 30. Rg1 Raf8 31. Reg2 Nc5 32. Qe2 Qxh4# 0-1

[Event "Weymouth Minor op"]
[Site "Weymouth"]
[Date "2008.10.25"]
[Round "3"]
[White "Galliano, George"]
[Black "Alexander, Ken"]
[Result "1-0"]
[WhiteElo "1312"]
[BlackElo "1336"]
[PlyCount "69"]
[EventDate "2008.10.24"]
[EventType "swiss"]
[EventRounds "5"]
[EventCountry "ENG"]
[SourceTitle "EXT 2011"]
[Source "ChessBase"]
[SourceDate "2010.11.26"]
[SourceVersion "1"]
[SourceVersionDate "2010.11.26"]
[SourceQuality "1"]

1. e4 c6 2. d4 d5 3. exd5 cxd5 4. c3 Nf6 5. Bg5 e6 6. Nd2 Be7 7. Ngf3 Nc6 8. Bd3 a6 9. 0-0 b5 10. b4 Rb8 11. a4 bxa4 12. Qxa4 Rb6 13. Ne5 Qc7 14. Nxc6 Rxc6 15. Rfc1 0-0 16. Qb3 Bb7 17. Nf3 Bd6 18. c4 dxc4 19. Rxc4 Rxc4 20. Qxc4 Qxc4 21. Bxc4 Ne4 22. Be3 Bxb4 23. Rb1 a5 24. Ne5 Bd5 25. Bxd5 exd5 26. Nc6 Ra8 27. f3 Nc3 28. Ra1 Nb5 29. Nxb4 Nc7 30. Nc6 a4 31. Bd2 Kf8 32. Na5 Nb5 33. Rxa4 Nd6 34. Bb4 Ke7 35. Nc6+ 1-0